Autonomous Learning in Religious Education in Slovakia

Problematika autonómneho učenia v kontexte náboženskej výchovy. Definícia autonómneho učenia a jeho charakteristiky. Odôvodnenie používania autonómneho učenia v náboženskej výchove a prezentovanie autonómneho učenia, ako jednej z možných foriem získavania náboženských vedomostí, rozvíjania nábožens...

Descripción completa

Guardado en:
Detalles Bibliográficos
Autor principal: Kucharová, Jana, 1981-
Formato: Capítulo de libro
Lenguaje:inglés
Materias:
Etiquetas: Agregar Etiqueta
Sin Etiquetas, Sea el primero en etiquetar este registro!

MARC

LEADER 00000naa a2200000 4500
001 0302847
005 20240627104258.0
041 0 |a eng 
044 |a CZ 
245 1 0 |a Autonomous Learning in Religious Education in Slovakia  |c Jana Kucharová 
520 |a Problematika autonómneho učenia v kontexte náboženskej výchovy. Definícia autonómneho učenia a jeho charakteristiky. Odôvodnenie používania autonómneho učenia v náboženskej výchove a prezentovanie autonómneho učenia, ako jednej z možných foriem získavania náboženských vedomostí, rozvíjania náboženských kompetencií a ich prepojenie s inými predmetmi, aj s každodenným životom. 
610 2 0 |a pedagogika 
610 2 0 |a náboženstvo 
610 2 0 |a vyučovanie 
610 2 0 |a kompetencie 
610 2 0 |a modely 
610 2 0 |a učitelia 
610 2 0 |a žiaci 
610 2 0 |a Slovensko 
100 1 |a Kucharová, Jana, 1981-